Регионална библиотека "Любен Каравелов" - Русе

Въведение в правата на интелектуалната собственост (Запис номер 106112)

MARC детайли
000 -Лидер
Контролно поле с фиксирана дължина nam a22 a 4500
003 - Код на организацията, давaща контролен номер
Контролно поле BLK
005 - Дата и час на последна редакция
Контролно поле 20210203093629.0
008 - Елементи от данни с фиксирана дължина
fixed length control field 180409b bul|||||r ||||||| ||bul||
010 ## - Наследен системен номер
LC control number KNG00111365000
040 ## - Източник на каталожния запис
Идентификатор на билиотеката - собственик на записа BLK
041 ## - Код за език
Код за езика на текст/звукозапис или на отделно заглавие Български
Код за езика КДБФ Български
080 ## - УДК
Текстов определител УДК Интелектуална собственост (право)
УДК код - определител по УДК 347.77/.78
УДК - код + определител 347.77/.78
080 ## - УДК
Текстов определител УДК Изобретения и открития. Изобретателство. Рационализации. Патенти. Промишлени образци. Вж и 347.77
УДК код - определител по УДК 001.894
УДК - код + определител 001.894
100 1# - Редна дума - Автор
Автор Хефтър, Лорънс Р.
Авторска отговорност първи автор
R(LIN) 136922
139 ## - Редно поле
Редна дума Хефтър, Лорънс Р. и др.
Авторски знак Хет - Х 46
245 10 - Сведения за заглавието
Заглавие Въведение в правата на интелектуалната собственост
Редно поле (дума) Лорънс Р. Хефтър; съавт. Робърт Д. Литоуиц; прев. на бълг. Румяна Чолакова.
257 ## - Страна на издаване
Страна на създаване/издаване Съединени американски щати
260 ## - Област на издателските данни
Име на издателя, разпространителя и проч. Reg. Progr. Office
Година на издаване 2003
Място на издаване, разпространение и проч. Vienna
300 ## - Физическа характеристика
Страници 55 с.
Размери/Мащаб 26 см
380 ## - Жанр
Жанр Техника
650 #4 - Допълнително описание по предмет – тема
Основно описание – тема или топоним Интелектуална собственост
9 (RLIN) 270182
653 ## - Ключова дума – ненормативна
Ключова дума интелектуална собственост
700 1# - Други автори (авторска отговорност)
Лично име Литоуиц, Робърт Д.
Автороска отговорност (Описва отношението между автора и произведението) съавт.
9 (RLIN) 89176
700 1# - Други автори (авторска отговорност)
Лично име Чолакова, Румяна
Автороска отговорност (Описва отношението между автора и произведението) прев. на бълг.
9 (RLIN) 375292
852 ## - Местоположение
Форматна сигнатура Цб ІІ 12483
Фондова буква Хранилище
856 4# - Електронен адрес и достъп
Електронен формат pdf - файл
856 4# - Електронен адрес и достъп
Електронен формат pdf - файл
999 ## - СИСТЕМНИ КОНТРОЛНИ НОМЕРА
Koha biblionumber 106112
Koha biblioitemnumber 106112
942 ## - АРТИКУЛИ
Вид на библиотечния материал Книги
Скрит в OPAC Не
Периодичен библиозапис Да
944 ## - СЪЗДАВАНЕ И РЕДАКЦИЯ на ЗАПИСА
Създаване/Редакция Създаване
Дата на регистрацията/редакция 26.02.2004
Служител, извършил регистрацията/редакцията Цветанка_Енчева
944 ## - СЪЗДАВАНЕ И РЕДАКЦИЯ на ЗАПИСА
Създаване/Редакция Редакция
Дата на регистрацията/редакция 09.03.2004
999 ## - СИСТЕМНИ КОНТРОЛНИ НОМЕРА
Koha biblioitemnumber 106112
Наличности
Код за отписване Код за изгубен артикул Източник на класификационната схема Код за повреда Коз за рестрикции Код за отдаване Артикулен № Име на библиотеката - собственик Име на библиотеката, в която се намира в момента Статус (Текущо местоположение) Дата на вписване в системата Местоположение - отдел Цена в лева Инвентарен номер Систематично азбучна сигнатура Баркод Номер на екземпляра Цена в евро Служебна бележка Служебен тип на артикула
  Не е изгубен Universal Decimal Classification Не е повреден само за читалня ползва се в читалня 171148 Регионална библиотека "Любен Каравелов" Русе Регионална библиотека "Любен Каравелов" Русе Хранилище 2004-02-26 Основен фонд - ползва се само за читалня 7.00 120000683112 Цб ІІ 12483 120000683112 1 3.58 Дост: DA Вид: А N: 3 Дата: 25.02.2004 Книги
Изтеглен Не е изгубен   Не е повреден без рестрикции заемане за дома 171149 Регионална библиотека "Любен Каравелов" Русе Регионална библиотека "Любен Каравелов" Русе Заемна - подръчен фонд 2004-02-26 Заемна - подръчен фонд 7.00 120000683113 П 347.7/Х 46 120000683113 2 3.58 Дост: DA Вид: А N: 3 Дата: 25.02.2004 Дата инв: 07.02.2018 Бележки инв: П2018 Книги
Изтеглен Не е изгубен Universal Decimal Classification Не е повреден без рестрикции заемане за дома 171150 Регионална библиотека "Любен Каравелов" Русе Регионална библиотека "Любен Каравелов" Русе Заемна - подръчен фонд 2004-02-26 Заемна - подръчен фонд 7.00 120000683114 П 347.7/Х 46 120000683114 3 3.58 Дост: DA Вид: А N: 3 Дата: 25.02.2004 Дата инв: 07.02.2018 Бележки инв: П2018 Книги
Изтеглен Не е изгубен Universal Decimal Classification Не е повреден без рестрикции ползва се в читалня 171151 Регионална библиотека "Любен Каравелов" Русе Регионална библиотека "Любен Каравелов" Русе Читалня 2004-02-26 Читалня 7.00 120000683115 Ч 347/Х 46 120000683115 4 3.58 Дост: DA Вид: А N: 3 Дата: 25.02.2004 Дата инв: 14.03.2017 Бележки инв: Ч2017 Книги
Vip Innovations Ltd, Rousse, Bulgaria 2025